000
00295nam a22001217a 4500
008
180216b xxu||||| |||| 00| 0 eng d
041
_a
eng
080
_a
37
100
_a
48
101
_a
edu
245
_a
school improvenmrnt focusing student perfomance
_c
kathleen.a f
942
_2
udc
_c
BK
999
_c
42853
_d
42853